000
00350nam a2200145Ia 4500
008
151213s9999 xx 000 0 und d
100
_a
M. R.Solomon
245
_a
Marketing
_c
M. R.Solomon
260
_a
New Jersey
_b
Prentic Hall
_c
1997
300
_a
2760 p.
650
_a
Marketing
650
_a
Marketing
700
_a
M. R.Solomon
999
_c
1870
_d
1870